Statistics for Harry Potter ULTIMATE NAMES LEVEL EXPERT!!!!!

Click here to take the quiz!

General Stats

  • This quiz has been taken 2,807 times
    (2,787 since last reset)
  • The average score is 207 of 323

Answer Stats

Hint Answer % Correct
Gryffindors StudentsHarry Potter
99%
Harry Potter
99%
Lily Potter
98%
James Potter
98%
PotterLily Potter
98%
James Potter
98%
James Potter
98%
Lily Potter
98%
Ron Weasley
97%
Ron Weasley
97%
Albus Dumbledore
97%
(Headmasters/Mistresses)Albus Dumbledore
97%
Albus Dumbledore
97%
Albus Potter
97%
Fred Weasley
96%
George Weasley
96%
Fred Weasley
96%
George Weasley
96%
Ginny Weasley
96%
George Weasley
96%
Gryffindors StudentsGinny Weasley
96%
Fred Weasley
96%
Neville Longbottom
95%
Slytherins StudentsDraco Malfoy
95%
LongbottomNeville Longbottom
95%
Percy Weasley
95%
Arthur Weasley
95%
Molly Weasley
95%
WeasleyArthur Weasley
95%
Bill Weasley
95%
Percy Weasley
95%
Draco Malfoy
95%
Bill Weasley
95%
Percy Weasley
95%
Draco Malfoy
95%
Molly Weasley
95%
GrangerHermione Granger
95%
Hermione Granger
95%
Order of the Phoenix (Including past members)Arthur Weasley
95%
Severus Snape
94%
Severus Snape
94%
Ravenclaw StudentsLuna Lovegood
94%
Charlie Weasley
94%
Severus Snape
94%
LovegoodLuna Lovegood
94%
Severus Snape
94%
(Potions)Severus Snape
94%
Severus Snape
94%
Charlie Weasley
94%
Lucius Malfoy
93%
Bellatrix Lestrange
93%
LestrangeBellatrix Lestrange
93%
DursleyPetunia Dursley
93%
HE WHO MUST NOT BE NAMEDVoldemort
93%
Vernon Dursley
93%
Dudley Dursley
93%
BlackSirius Black
93%
Lucius Malfoy
93%
Remus Lupin
92%
Remus Lupin
92%
Remus Lupin
92%
Narcissa Malfoy
91%
DelacourFleur Delacour
90%
TonksNymphadora Tonks
89%
Nymphadora Tonks
89%
Marge Dursley
88%
(Transfiguration)Minerva Mcgonagall
88%
Rubeus Hagrid
86%
Ted Tonks
86%
(Care of Magical Creatures)Rubeus Hagrid
86%
Reg Cattermole
86%
Aberforth Dumbledore
85%
Aberforth Dumbledore
85%
Caught Illegally Smuggling Flying CarpetsAli Bashir
85%
Xenophilius Lovegood
84%
Dean Thomas
84%
Seamus Finnigan
84%
Dobby
84%
PoltergeistPeeves
83%
Ariana Dumbledore
83%
Frank Longbottom
83%
(Defence against Dark Arts)Dolores Umbridge
83%
Gilderoy Lockhart
83%
Frank Longbottom
83%
Dolores Umbridge
83%
Regulus Black
82%
(Caretaker)Argus Filch
82%
OwlsHedwig
82%
Alice Longbottom
82%
Alice Longbottom
82%
Regulus Black
82%
(Charms)Filius Flitwick
81%
GauntMarvolo Gaunt
81%
(Durmstrang Headmaster)Igor Karkaroff
81%
Vincent Crabbe
81%
Igor Karkaroff
81%
Gregory Goyle
80%
Minister for MagicCornelius Fudge
80%
Firenze
80%
Alastor Moody
80%
Firenze
80%
Durmstrang Triwizard ChampionViktor Krum
79%
SnakeNagini
79%
Helga Hufflepuff
79%
Salazar Slytherin
79%
(Divination)Sybill Trelawney
79%
Hogwarts FoundersGodric Gryffindor
79%
Teddy Lupin
79%
CatsCrookshanks
78%
Gabrielle Delacour
78%
HippogriffBuckbeak
78%
Rowena Ravenclaw
78%
Pansy Parkinson
77%
RatScabbers
77%
Nosy Journalist (First Name + Surname)Rita Skeeter
77%
PhoenixFawkes
77%
Barman at the Leaky CauldronTom
77%
GhostsNearly Headless Nick
77%
Cho Chang
77%
The Bloody Baron
77%
Parvati Patil
76%
AcromantulaAragog
76%
Knight Bus ConductorStan Shunpike
76%
PeverellIgnotus Peverell
76%
Kreacher
75%
Winky
75%
(Beauxbatons Headmistress)Olympe Maxime
75%
Rose Weasley
75%
Scorpius Malfoy
75%
PortraitsThe Fat Lady
75%
Olympe Maxime
75%
Lavender Brown
74%
DragonNorbert
74%
(Healer)Poppy Pomfrey
74%
Ernie Macmillan
73%
ToadTrevor
73%
Katie Bell
73%
Colin Creevey
73%
Alastor Moody
73%
STAFF (Herbology)Pomona Sprout
73%
Angelina Johnson
72%
Padma Patil
72%
Rufus Scrimgeour
72%
GoblinsGriphook
71%
Merope Gaunt
71%
(half)Grawp
71%
Horace Slughorn
71%
DumbledoreKendra Dumbledore
70%
Cedric Diggory
69%
Kingsley Shacklebolt
69%
(Grandmother)Augusta Longbottom
69%
The Grey Lady
69%
Maker of the Philosophers Stone (First Name + Surname)Nicholas Flamel
69%
Andromeda Tonks
69%
Kingsley Shacklebolt
69%
Oliver Wood
68%
Quirinus Quirrell
68%
Dennis Creevey
67%
(Muggle Studies)Charity Burbage
67%
Hugo Weasley
67%
Famous HistorianBathilda Bagshot
67%
Death EatersRodolphus Lestrange
67%
Rodolphus Lestrange
67%
Morfin Gaunt
67%
Alecto Carrow
66%
Amycus Carrow
66%
Alecto Carrow
66%
Amycus Carrow
66%
Hufflepuff StudentsSusan Bones
65%
Fang
65%
Hannah Abbott
65%
Pigwidgeon
65%
Blaise Zabini
65%
Percival Dumbledore
65%
Lee Jordan
65%
Dumbledore's Childhood FriendGellert Grindelwald
65%
Alicia Spinnet
64%
Errol
64%
(Squib)Arabella Figg
63%
The Fat Friar
63%
Justin Finch Fletchley
63%
Cadmus Peverell
63%
Barty Crouch
63%
Phineas Black
63%
(Weasley's Great Aunt)Aunt Muriel
62%
DogsFluffy
61%
Moaning Myrtle
60%
SnapeEileen Snape
60%
Pius Thicknesse
59%
Bane
59%
Antioch Peverell
59%
Cormac Mclaggen
58%
Millicent Bulstrode
57%
(Flying)Rolanda Hooch
57%
Marcus Belby
57%
Marcus Flint
57%
Famous WandmakerGarrick Ollivander
56%
Inventor of Every Flavor BeansBertie Bott
56%
Muggle - Caretaker of Riddle Household (First Name + Surname)Frank Bryce
56%
Mrs Norris
56%
Rabastan Lestrange
55%
Pygmy PuffArnold
55%
Hermes
55%
Rabastan Lestrange
55%
Peter Pettigrew
55%
Landlady of the Three BroomsticksMadam Rosmerta
55%
Muggle - Friend of Dudley DursleyPiers Polkiss
55%
Peter Pettigrew
55%
Cuthbert Binns
54%
Victoire Weasley
54%
(History of Magic)Cuthbert Binns
54%
Wilhelmina Grubbly Plank
53%
Michael Corner
51%
(Hippogriff Alias)Witherwings
51%
Armando Dippet
51%
Ministry WorkersAlbert Runcorn
50%
(Surname Only)Yaxley
50%
(Astronomy)Aurora Sinistra
50%
Ludo Bagman
49%
Marietta Edgecombe
49%
Mundungus Fletcher
49%
Antonin Dolohov
49%
Romilda Vane
48%
Amelia Bones
48%
(Librarian)Irma Pince
48%
House ElvesHokey
48%
Mafalda Hopkirk
48%
Sir Cadogan
48%
Fenrir Greyback
48%
Mrs Weasley's Favourite SingerCelestina Warbeck
47%
Terry Boot
47%
Zacharias Smith
47%
Mary Cattermole
47%
Tobias Snape
46%
(Arithmancy)Septima Vector
45%
Penelope Clearwater
44%
Augustus Rookwood
43%
John Dawlish
43%
CentaursRonan
43%
Dedalus Diggle
43%
Wilkie Twycross
43%
(Apparition)Wilkie Twycross
43%
Runs an Ice Cream Parlour in Diagon AlleyFlorean Fortescue
43%
Elphias Doge
43%
Amos Diggory
43%
Anthony Goldstein
42%
Demelza Robins
41%
Theodore Nott
41%
Magorian
41%
Knight Bus Driver (First Name + Surname)Ernie Prang
40%
Fabian Prewett
40%
Jimmy Peakes
40%
(Surname Only)Troy
40%
Ancestor of Sybill TrelawneyCassandra Trelawney
40%
(Surname Only)Moran
40%
Roger Davies
40%
MalfoyAbraxas Malfoy
39%
Another Famous WandmakerMykew Gregorovitch
39%
Gideon Prewett
39%
Lady who Tailors Harry's School Robes in Diagon AlleyMadam Malkin
39%
Jack Sloper
39%
Hestia Jones
38%
Bob Ogden
38%
Walden Macnair
38%
Bertha Jorkins
37%
His Wife ^Perenelle Flamel
37%
RabbitBinky
37%
(Nickname for Animagus)Snuffles
37%
Bogrod
37%
(Surname Only)Travers
36%
Evan Rosier
36%
Emmeline Vance
36%
Barty Crouch Jr
35%
(Surname Only)Avery
35%
Thorfinn Rowle
35%
Walburga Black
35%
(Friends with above ^ )Violet
35%
Karkus
35%
Andrew Kirke
34%
Sturgis Podmore
34%
Ritchie Coote
34%
Orion Black
33%
Leanne
33%
World Cup RefereeHassan Mostafa
33%
Irish World Cup Quidditch TeamAidan Lynch
33%
(Surname Only)Montague
33%
Silvanus Kettleburn
32%
Broderick Bode
32%
Dirk Cresswell
32%
(Surname Only)Warrington
32%
Adrian Pucey
32%
(Surname Only)Crabbe Sr
32%
(Study of Ancient Runes)Bathsheda Babbling
31%
(Surname Only)Mullet
31%
Wrote the Standard Book of Spells SeriesMiranda Goshawk
31%
Griselda Marchbanks
30%
(Uncle)Algie Longbottom
30%
Patrick Delaney-Podmore
29%
GiantsFridwulfa
28%
(Surname Only)Quigley
28%
Euan Abercrombie
28%
(Surname Only)Mulciber
27%
(Aunt)Enid Longbottom
27%
Marlene McKinnon
27%
Attended Quidditch World Cup in Flowered NightdressArchie
27%
(Surname Only)Nott Sr
27%
Responsible for some Regurgitating Toilets!Willy Widdershins
26%
Dilys Derwent
26%
LupinLyall Lupin
26%
(Surname Only)Connolly
25%
(Surname Only)Wilkes
25%
Barry Ryan
25%
Miles Bletchley
24%
(Surname Only)Gibbon
23%
Past Caretaker (Arthur still has the marks)Apollyon Pringle
23%
(Surname Only)Selwyn
23%
Benjy Fenwick
23%
Caradoc Dearborn
23%
Alphard Black
22%
Everard
22%
(Surname Only)Jugson
22%
Dorcas Meadowes
22%
Edgar Bones
21%

Score Distribution

Percentile by Number Answered

Percent of People with Each Score

Your Score History

You have not taken this quiz since the last reset